Ferrol Análisis : (Record no. 197754)

MARC details
000 -LEADER
campo de control de longitud fija 02577nab a2200397 i 4500
001 - NÚMERO DE CONTROL
campo de control 197754
003 - IDENTIFICADOR DE NÚMERO DE CONTROL
campo de control ES-ScRBPG
005 - FECHA Y HORA DE LA ÚLTIMA TRANSACCIÓN
campo de control 20250724062617.0
007 - CAMPO FIJO DE DESCRIPCIÓN FÍSICA--INFORMACIÓN GENERAL
campo de control de longitud fija ta
008 - DATOS DE LONGITUD FIJA--INFORMACIÓN GENERAL
campo de control de longitud fija 040213n2024 sp 000 0 und u
017 ## - NÚMERO DE COPYRIGHT O DE DEPÓSITO LEGAL
Número de copyright o de depósito legal C 1873-03
Agencia que asigna Oficina Depósito Legal Coruña
022 ## - NÚMERO INTERNACIONAL NORMALIZADO PARA PUBLICACIONES SERIADAS
Número Internacional Normalizado para Publicaciones Seriadas 1576-4540
035 ## - NÚMERO DE CONTROL DEL SISTEMA
Número de control de sistema Rebiun13433272
035 ## - NÚMERO DE CONTROL DEL SISTEMA
Número de control de sistema 2151115
040 ## - FUENTE DE CATALOGACIÓN
Centro catalogador/agencia de origen FJM
Centro/agencia modificador CBM007
Lengua de catalogación glg
Centro/agencia transcriptor ES-MaACL
245 10 - MENCIÓN DEL TÍTULO
Título Ferrol Análisis :
Resto del título revista de pensamiento y cultura. Nº 35, Separata /
Mención de responsabilidad, etc. Club de Prensa de Ferrol
260 ## - PUBLICACIÓN, DISTRIBUCIÓN, ETC.
Lugar de publicación, distribución, etc. Ferrol :
Nombre del editor, distribuidor, etc. Club de Prensa de Ferrol,
Fecha de publicación, distribución, etc. 2024.
300 ## - DESCRIPCIÓN FÍSICA
Extensión 309 páginas [I,II,III] :
Otras características físicas ilustrado principalmente fotografías a color ;
Dimensiones 30 cm
336 ## - TIPO DE CONTENIDO
Fuente rdacontent
Término de tipo de contenido texto
337 ## - TIPO DE MEDIO
Fuente rdamedia
Nombre/término del tipo de medio sin mediación
338 ## - TIPO DE SOPORTE
Fuente rdacarrier
Nombre/término del tipo de soporte volumen
500 ## - NOTA GENERAL
Nota general Incluye el artículo "Ferroláns no Ateneo de Madrid" escrito por Guillermo Llorca Freire
505 ## - NOTA DE CONTENIDO CON FORMATO
Nota de contenido con formato Xesús Alonso Montero. Consello de Redacción: (Homenaxe a Xesús Alonso Montero. Universidade de Santiago de Compostela 2023). Consello de Redacción: (Xesús Alonso Montero, colaborador do Club de Prensa de Ferrol). Xesús Alonso Montero: (Sobre a intelectualidade progresista de Ferrol a fins do XIX e comezos do XX). Consello de Redacción: (A actividade de Alfredo de la Iglesia na Escola de Artes e Oficios de Ferrol). Xulia Diz Sixto: (A rente de D. Xesús Alonso Montero). Xosé María Dobarro: (Mestre e Amigo). José Gómez Alén: (Xesús Alonso Montero, un recordo persoal desde o respecto intelectual e o afecto). Modesto Hermida García: (Xesús Alonso Montero na miña historia). Bernardo Máiz Vázquez: (O meu Xesús Alonso Montero). / Patrimonio Ferrolterra; Ferrolterra historia; Artes e literatura; Pintor invitado (Luís Loureiro); Ollando o futuro; Vieiros de Irmandade; Comunicación; Curricula.
610 24 - PUNTO DE ACCESO ADICIONAL DE MATERIA--NOMBRE DE ENTIDAD CORPORATIVA
9 (RLIN) 1875
Nombre de entidad corporativa o nombre de jurisdicción como elemento de entrada Ateneo de Madrid
650 #4 - PUNTO DE ACCESO ADICIONAL DE MATERIA--TÉRMINO DE MATERIA
9 (RLIN) 15922
Término de materia o nombre geográfico como elemento de entrada Pensamiento
650 #7 - PUNTO DE ACCESO ADICIONAL DE MATERIA--TÉRMINO DE MATERIA
Término de materia o nombre geográfico como elemento de entrada Cultura
Fuente del encabezamiento o término embne
9 (RLIN) 170963
655 #7 - TERMINO DE INDIZACIÓN--GENERO/FORMA
Fuente del término tgfbne
9 (RLIN) 226866
Datos o término principal de género/forma Revistas
700 1# - ENTRADA AGREGADA--NOMBRE PERSONAL
Nombre de persona Llorca Freire, Guillermo
Término indicativo de función/relación Autor
9 (RLIN) 241354
700 1# - ENTRADA AGREGADA--NOMBRE PERSONAL
9 (RLIN) 241353
Nombre de persona Villanueva, Darío,
Fechas asociadas al nombre 1950-
Término indicativo de función/relación Autor
852 ## - LOCALIZACIÓN
Ubicación ES-MaACL
Ubicación en estantería Depósito J
Número de control de estantería N-10141
Anotaciones manuscritas Dedicatoria autógrafa de Guillermo Llorca Freire para Pilar Fernández Vera, bibliotecaria del Ateneo
Donativo/Legado Donación: Guillermo Llorca Freire
Encuadernación Encuadernación rústica con solapas
itemnumber 206272
903 ## - NOMBRE PERSONAL DE DONANTE
a Llorca Freire, Guillermo
e Donante
942 ## - ELEMENTOS DE ENTRADA SECUNDARIOS (KOHA)
Suprimir en OPAC No
Tipo de ítem Koha Revista
Holdings
Estatus retirado Estado de pérdida Fuente del sistema de clasificación o colocación Estado de daño No para préstamo Colección Biblioteca de origen Biblioteca actual Ubicación en estantería Fecha de adquisición Fuente de adquisición Total de préstamos Signatura topográfica completa Código de barras Visto por última vez Precio de reemplazo Tipo de ítem Koha
    Clasificación decimal universal     Libros con dedicatorias Biblioteca del Ateneo de Madrid Biblioteca del Ateneo de Madrid Depósito J 19/07/2025 Donación   N-10141 2025-0656 19/07/2025 19/07/2025 Revista